How well do you know your Greek Mythology? - Statistics

General Stats
  • This quiz has been taken 104 times
  • The average score is 9 of 10
Answer Stats
Question Answer % Correct
What is Demeter the goddess of? Agriculture
100%
Which goddess is Apollo’s twin sister? Artemis
100%
What’s the name of Hades’ three-headed dog? Cerberus
100%
Which hero eventually killed the Minotaur? Theseus
100%
How much time must Persephone spend in the Underworld? Half a year
80%
Which god or goddess is NOT considered one of the Olympians? Helios
80%
Which of these things was the only one left in Pandora’s box? Hope
80%
What was Sisyphus cursed to do forever? Roll a boulder up a hill
80%
Which of these was NOT one of the twelve labors of Heracles? The Golden Fleece
80%
How long did the Trojan War last? 10 years
60%
No matching quizzes found
Score Distribution
Percent of People with Each Score
Percentile by Number Answered
Your Score History
You have not taken this quiz